Built-in test for VLSI : (Record no. 182015)
[ view plain ]
| 000 -LEADER | |
|---|---|
| fixed length control field | 01303 a2200241 4500 |
| 003 - CONTROL NUMBER IDENTIFIER | |
| control field | Nust |
| 005 - DATE AND TIME OF LATEST TRANSACTION | |
| control field | 20221125143035.0 |
| 010 ## - LIBRARY OF CONGRESS CONTROL NUMBER | |
| LC control number | 87023013 |
| 020 ## - INTERNATIONAL STANDARD BOOK NUMBER | |
| International Standard Book Number | 0471624632 |
| 040 ## - CATALOGING SOURCE | |
| Transcribing agency | Nust |
| 082 00 - DEWEY DECIMAL CLASSIFICATION NUMBER | |
| Classification number | 621.3815,BAR |
| 100 1# - MAIN ENTRY--PERSONAL NAME | |
| Personal name | Bardell, Paul H. |
| 9 (RLIN) | 103629 |
| 245 10 - TITLE STATEMENT | |
| Title | Built-in test for VLSI : |
| Remainder of title | pseudorandom techniques / |
| Statement of responsibility, etc. | Paul H. Bardell, William H. McAnney, Jacob Savir. |
| 260 ## - PUBLICATION, DISTRIBUTION, ETC. | |
| Place of publication, distribution, etc. | New York : |
| Name of publisher, distributor, etc. | Wiley, |
| Date of publication, distribution, etc. | c1987. |
| 300 ## - PHYSICAL DESCRIPTION | |
| Extent | xiii, 354 p. : |
| Other physical details | ill. ; |
| Dimensions | 24 cm. |
| 505 ## - FORMATTED CONTENTS NOTE | |
| Formatted contents note | Digital Testing and the Need for Testable (Page-1), Introduction to Testable Design (Page-17), Pseudorandom Sequence Generators (Page-61), Test Response Compression Techniques (Page-89), Shift Register Polynomial Division (Page-109), Special Purpose Shift Register Circuits (Page-145), Random Pattern Built-in Test (Page-177), Built –in Test Structures (Page-279), Limitations and other Concerns of Random Pattern Testing (Page-314), Test System Requirements for Built-In Test (Page-311). |
| 650 #0 - SUBJECT ADDED ENTRY--TOPICAL TERM | |
| Topical term or geographic name entry element | Telecommunication engineering |
| 700 1# - ADDED ENTRY--PERSONAL NAME | |
| Personal name | McAnney, William H. |
| 9 (RLIN) | 103630 |
| 700 1# - ADDED ENTRY--PERSONAL NAME | |
| Personal name | Savir, Jacob. |
| 9 (RLIN) | 103631 |
| 856 42 - ELECTRONIC LOCATION AND ACCESS | |
| Materials specified | Publisher description |
| Uniform Resource Identifier | <a href="http://www.loc.gov/catdir/description/wiley033/87023013.html">http://www.loc.gov/catdir/description/wiley033/87023013.html</a> |
| 856 42 - ELECTRONIC LOCATION AND ACCESS | |
| Materials specified | Table of Contents |
| Uniform Resource Identifier | <a href="http://www.loc.gov/catdir/toc/onix04/87023013.html">http://www.loc.gov/catdir/toc/onix04/87023013.html</a> |
| 942 ## - ADDED ENTRY ELEMENTS (KOHA) | |
| Source of classification or shelving scheme | |
| Koha item type | Book |
| Withdrawn status | Lost status | Source of classification or shelving scheme | Damaged status | Not for loan | Permanent Location | Current Location | Shelving location | Date acquired | Full call number | Barcode | Date last seen | Price effective from | Koha item type | Public note |
|---|---|---|---|---|---|---|---|---|---|---|---|---|---|---|
| Military College of Signals (MCS) | Military College of Signals (MCS) | General Stacks | 12/12/2016 | 621.3815,BAR | MCS1047 | 12/08/2016 | 12/12/2016 | Book | Almirah No.32, Shelf No.5 |
